Представление документа в формате MARC21

ПолеНазваниеЗначение
  Тип записи a
  Библиографический уровень m
001 Контрольный номер RU\infra-m\znanium\bibl\2235376
005 Дата корректировки 20260429142155.4
008 Кодируемые данные 260414s2025 RU g rus u
020 Индекс ISBN __
a ISBN 978-5-9614-3202-2
040 Источник каталогиз. __
a Служба первич. каталог. Общество с ограниченной ответственностью «ЗНАНИУМ»
041 Код языка издания __
a Код языка текста rus
044 Код страны публикации __
a Код страны публикации RU
080 Индекс УДК __
a Индекс УДК 005
084 Индекс другой классификации/Индекс ББК __
2 Источник индекса rubbk
a Индекс другой классификации/Индекс ББК 6529
084 Индекс другой классификации/Индекс ББК __
2 Источник индекса okso
a Индекс другой классификации/Индекс ББК 38.03.02
084 Индекс другой классификации/Индекс ББК __
2 Источник индекса okso
a Индекс другой классификации/Индекс ББК 38.03.03
100 Автор __
a Автор Чински Мэтьюсон Р.
q Полное имя Чински Мэтьюсон Роберт
245 Заглавие __
a Заглавие Управление талантами: Руководство по выращиванию сильной команды
b Продолж. заглавия Практическое пособие
250 Сведения об издании __
a Основные сведения об издании 1
260 Выходные данные __
a Место издания Москва
b Издательство ООО "Альпина Паблишер"
c Дата издания 2026
300 Физическое описание __
a Объем 232 с.
520 Аннотация __
a Аннотация Найти по-настоящему талантливого сотрудника всегда непросто: на рынке профессионалов за ними идет настоящая охота. Еще труднее сделать так чтобы талантливый сотрудник в течение долгого времени работал с полной отдачей не выгорал не прокрастинировал и не превращался из виртуоза своего дела в простого исполнителя как это к сожалению иногда бывает. Роберта Чински Мэтьюсон консультант компаний General Motors New Balance Microsoft и настоящий эксперт по управлению талантами предлагает руководителям необычный подход к решению вопроса. Главная идея автора — воспринимать свою команду как цветущий сад за которым надо ухаживать — знать особенности каждого «цветка» удобрять следить за климатом (в коллективе) и прочими условиями подрезать (амбиции) и даже пропалывать офисные грядки. Автор дает советы как достичь отличных результатов не прилагая чрезмерных усилий приводит примеры компаний успешно применивших эту методику предлагает простые и интересные практические задания а все свои доводы подкрепляет результатами исследований.
521 Примеч. о цел. назн. __
a Примеч. о целев. назн. Дополнительное профессиональное образование
650 Тематические рубрики __
a Основная рубрика Управление (менеджмент)
x Основная подрубрика Командный менеджмент. Лидерство
655 Указ. предметных рубрик (устаревшее) __
a Жанр/ форма (устаревшее) Практическое пособие
856 Электронный адрес документа 4_
a Имя сервера/домена znanium.ru
m Помощь ebs_support@infra-m.ru
n Местонахождение сервера НИЦ ИНФРА-М
u URL https://znanium.ru/catalog/document?id=473642
856 Электронный адрес документа 48
a Имя сервера/домена znanium.ru
d Путь /cover/2235
f Электронное имя 2235376.jpg
q Тип электронного формата image/jpeg
u URL https://znanium.ru/cover/2235/2235376.jpg
911 __
u 0030=https://znanium.ru/catalog/document?id=473642